000 00932cam a22003017a 4500
003 CHAP
005 20220817044524.0
008 120522s2011 it a rn 00010 fre d
010 _a103192
011 _a104164
020 _a9789252067429
035 _a114853
040 _cCHAP
082 0 4 _a634.98
_bF3f v.10/1
110 2 _aFAO
245 1 0 _aLes plamiers tropicaux. Révision 2010
_c/por Dinnis V. Johnson
260 _aRome :
_bFAO,
_c2011
300 _aix, 227 :
_bilus.
490 0 _aFAO. Productos forestales no madereros
_v; 10rev.1
590 _aBATCH-UPD
_b10
_c20130110
_lUCH01
_h0922
590 _aCONVERSION
_b10
_c20130109
_lUCH01
_h1357
650 1 4 _aPalma.
_984937
700 0 _aJohnson, Dennis V.
_961805
830 0 _aFAO. Productos forestales no madereros
_v; 10rev.1
_939663
901 _aBK
942 _cLIBRO
949 _a634.98 f3f v.10/1
_bBC
_cFAO
_d33724002332330
_eFAO1
_gDonaciØn
_h116660
_i114853
_sb
999 _c103192
_d103192